Red dawn (Record no. 363738)
[ view plain ]
| 000 -LEADER | |
|---|---|
| fixed length control field | 03149cgm a2200733 a 4500 |
| 001 - CONTROL NUMBER | |
| control field | 41442247 |
| 003 - CONTROL NUMBER IDENTIFIER | |
| control field | OCoLC |
| 005 - DATE AND TIME OF LATEST TRANSACTION | |
| control field | 20210813132941.0 |
| 007 - PHYSICAL DESCRIPTION FIXED FIELD--GENERAL INFORMATION | |
| fixed length control field | vd cvaizu |
| 008 - FIXED-LENGTH DATA ELEMENTS--GENERAL INFORMATION | |
| fixed length control field | 990527s1998 cau114 vleng d |
| 024 1# - OTHER STANDARD IDENTIFIER | |
| Standard number or code | 027616699824 |
| 028 42 - PUBLISHER NUMBER | |
| Publisher number | 906998 |
| 028 42 - PUBLISHER NUMBER | |
| Publisher number | M128406 |
| 035 ## - SYSTEM CONTROL NUMBER | |
| System control number | (OCoLC)41442247 |
| 040 ## - CATALOGING SOURCE | |
| Original cataloging agency | YQR |
| Language of cataloging | eng |
| Transcribing agency | YQR |
| Modifying agency | OCLCQ |
| -- | RCS |
| -- | OCLCQ |
| -- | IXA |
| -- | BTCTA |
| -- | OMP |
| -- | OCLCQ |
| -- | ZCU |
| -- | OCLCF |
| -- | NRM |
| -- | GZN |
| -- | HVC |
| -- | WAU |
| -- | ORK |
| -- | OCL |
| -- | CoLwJCPL |
| Description conventions | rda |
| 041 1# - LANGUAGE CODE | |
| Language code of text/sound track or separate title | eng |
| -- | fre |
| Language code of original and/or intermediate translations of text | eng |
| 043 ## - GEOGRAPHIC AREA CODE | |
| Geographic area code | n-us--- |
| 050 #4 - LIBRARY OF CONGRESS CALL NUMBER | |
| Classification number | PN1997 |
| Item number | .R34 1998 |
| 082 04 - DEWEY DECIMAL CLASSIFICATION NUMBER | |
| Classification number | 791.43/72 |
| Edition number | 22 |
| 092 ## - LOCALLY ASSIGNED DEWEY CALL NUMBER (OCLC) | |
| Feature heading | RED DAWN |
| 099 #9 - LOCAL FREE-TEXT CALL NUMBER (OCLC) | |
| Filing suffix | DVD |
| 130 0# - MAIN ENTRY--UNIFORM TITLE | |
| Uniform title | Red dawn (Motion picture : 1984) |
| 9 (RLIN) | 6424550 |
| 245 10 - TITLE STATEMENT | |
| Title | Red dawn |
| Medium | [videorecording] / |
| Statement of responsibility, etc | United Artists ; a Valkyrie film ; a Sidney Beckerman production ; screenplay by Kevin Reynolds and John Milius ; story by Kevin Reynolds ; produced by Buzz Feitshans and Barry Beckerman ; direced by John Milius. |
| 260 ## - PUBLICATION, DISTRIBUTION, ETC. (IMPRINT) | |
| Place of publication, distribution, etc | Santa Monica, CA : |
| Name of publisher, distributor, etc | MGM Home Entertainment, |
| Date of publication, distribution, etc | [1998?] |
| 264 ## - Production, Publication, Distribution, Manufacture, and Copyright Notice. | |
| Place of production, publication, distribution, manufacture | Santa Monica, CA : |
| Name of producer, publisher, distributor, manufacturer | MGM Home Entertainment, |
| Date of production, publication, distribution, manufacture, or copyr | 1984/[1998?] |
| 300 ## - PHYSICAL DESCRIPTION | |
| Extent | 1 videodisc (114 min.) : |
| Other physical details | sd., col. ; |
| Dimensions | 4 3/4 in. |
| 500 ## - GENERAL NOTE | |
| General note | Also issued as part of a Double feature 2 disc set with 1990 film Navy Seals. |
| 508 ## - CREATION/PRODUCTION CREDITS NOTE | |
| Creation/production credits note | Music, Basil Poledouris. |
| 511 1# - PARTICIPANT OR PERFORMER NOTE | |
| Participant or performer note | Patrick Swayze, C. Thomas Howell, Lea Thompson, Ben Johnson, Harry Dean Stanton, Ron O'Neal, William Smith, Powers Boothe. |
| 520 ## - SUMMARY, ETC. | |
| Summary, etc | When a town is invaded by foreign nationals and the security of the United States seems threatened, a group of high school students escape and wage warfare in defense of their parents, their friends and their country. |
| 538 ## - SYSTEM DETAILS NOTE | |
| System details note | DVD, widescreen and standard presentations. |
| 540 ## - TERMS GOVERNING USE AND REPRODUCTION NOTE | |
| Terms governing use and reproduction | For private home use only. |
| 546 ## - LANGUAGE NOTE | |
| Language note | Closed-captioned for the hearing impaired. |
| 546 ## - LANGUAGE NOTE | |
| Language note | In English and French, with English, French and Spanish subtitles. |
| 650 #0 - SUBJECT ADDED ENTRY--TOPICAL TERM | |
| Topical term or geographic name as entry element | National security |
| Geographic subdivision | United States |
| Form subdivision | Drama. |
| 9 (RLIN) | 5753740 |
| 650 #0 - SUBJECT ADDED ENTRY--TOPICAL TERM | |
| Topical term or geographic name as entry element | High school students |
| Form subdivision | Drama. |
| 9 (RLIN) | 5674328 |
| 650 #0 - SUBJECT ADDED ENTRY--TOPICAL TERM | |
| Topical term or geographic name as entry element | Guerrilla warfare |
| Form subdivision | Drama. |
| 9 (RLIN) | 6424551 |
| 650 #0 - SUBJECT ADDED ENTRY--TOPICAL TERM | |
| Topical term or geographic name as entry element | World War III |
| Form subdivision | Drama. |
| 9 (RLIN) | 6424552 |
| 650 #0 - SUBJECT ADDED ENTRY--TOPICAL TERM | |
| Topical term or geographic name as entry element | Resistance movements, War |
| Form subdivision | Drama. |
| 9 (RLIN) | 6424553 |
| 650 #0 - SUBJECT ADDED ENTRY--TOPICAL TERM | |
| Topical term or geographic name as entry element | Cold War |
| Form subdivision | Drama. |
| 9 (RLIN) | 5706352 |
| 655 #7 - INDEX TERM--GENRE/FORM | |
| Genre/form data or focus term | DVD-Video discs. |
| Source of term | local. |
| 655 #7 - INDEX TERM--GENRE/FORM | |
| Genre/form data or focus term | Fiction films. |
| Source of term | lcgft. |
| 655 #7 - INDEX TERM--GENRE/FORM | |
| Genre/form data or focus term | Feature films. |
| Source of term | lcgft. |
| 655 #7 - INDEX TERM--GENRE/FORM | |
| Genre/form data or focus term | Action and adventure films. |
| Source of term | lcgft. |
| 655 #7 - INDEX TERM--GENRE/FORM | |
| Genre/form data or focus term | War films. |
| Source of term | lcgft. |
| 655 #7 - INDEX TERM--GENRE/FORM | |
| Genre/form data or focus term | Video recordings for the hearing impaired. |
| Source of term | lcgft. |
| 655 #7 - INDEX TERM--GENRE/FORM | |
| Genre/form data or focus term | Films for the hearing impaired. |
| Source of term | lcgft. |
| 700 1# - ADDED ENTRY--PERSONAL NAME | |
| Personal name | Beckerman, Sidney. |
| 9 (RLIN) | 64188 |
| 700 1# - ADDED ENTRY--PERSONAL NAME | |
| Personal name | Feitshans, Buzz. |
| 9 (RLIN) | 58412 |
| 700 1# - ADDED ENTRY--PERSONAL NAME | |
| Personal name | Beckerman, Barry. |
| 9 (RLIN) | 6424554 |
| 700 1# - ADDED ENTRY--PERSONAL NAME | |
| Personal name | Milius, John. |
| 9 (RLIN) | 28656 |
| 700 1# - ADDED ENTRY--PERSONAL NAME | |
| Personal name | Reynolds, Kevin, |
| Dates associated with a name | 1952- |
| 9 (RLIN) | 40630 |
| 700 1# - ADDED ENTRY--PERSONAL NAME | |
| Personal name | Swayze, Patrick. |
| 700 1# - ADDED ENTRY--PERSONAL NAME | |
| Personal name | Howell, C. Thomas, |
| Dates associated with a name | 1966- |
| 9 (RLIN) | 40591 |
| 700 1# - ADDED ENTRY--PERSONAL NAME | |
| Personal name | Thompson, Lea, |
| Dates associated with a name | 1961- |
| 9 (RLIN) | 62336 |
| 710 2# - ADDED ENTRY--CORPORATE NAME | |
| Corporate name or jurisdiction name as entry element | United Artists Corporation. |
| 9 (RLIN) | 3998 |
| 710 2# - ADDED ENTRY--CORPORATE NAME | |
| Corporate name or jurisdiction name as entry element | Valkyrie Films (Firm) |
| 9 (RLIN) | 6424555 |
| 710 2# - ADDED ENTRY--CORPORATE NAME | |
| Corporate name or jurisdiction name as entry element | MGM Home Entertainment Inc. |
| Relator code | pbl. |
| 9 (RLIN) | 64163 |
| 907 ## - LOCAL DATA ELEMENT G, LDG (RLIN) | |
| a | .b159873083 |
| 942 ## - ADDED ENTRY ELEMENTS (KOHA) | |
| Source of classification or shelving scheme | Dewey Decimal Classification |
| Koha item type | DVD |
| Withdrawn status | Lost status | Source of classification or shelving scheme | Damaged status | Not for loan | Collection code | Home library | Current library | Shelving location | Date acquired | Source of acquisition | Cost, normal purchase price | Total Checkouts | Total Renewals | Full call number | Barcode | Date last seen | Date checked out | Cost, replacement price | Price effective from | Koha item type |
|---|---|---|---|---|---|---|---|---|---|---|---|---|---|---|---|---|---|---|---|---|
| Dewey Decimal Classification | Movies | Wasatch County Library | Wasatch County Library | Audio Visual Area | 04/01/2013 | Amazon | 30.00 | 85 | 8 | DVD Red | 34301001105883 | 11/14/2025 | 10/24/2025 | 30.00 | 03/20/2020 | DVD |
